Entry Personal Name
Number of records used in: 1
001 - CONTROL NUMBER
003 - CONTROL NUMBER IDENTIFIER
005 - DATE AND TIME OF LATEST TRANSACTION
- control field:
20220106143215.0
008 - FIXED-LENGTH DATA ELEMENTS
- fixed length control field:
970224n| acannaab| |a aaa c
010 ## - LIBRARY OF CONGRESS CONTROL NUMBER
- LC control number:
no 97011543
035 ## - SYSTEM CONTROL NUMBER
- System control number:
(OCoLC)oca04277882
040 ## - CATALOGING SOURCE
- Original cataloging agency:
OCl
- Transcribing agency:
OCl
100 10 - HEADING--PERSONAL NAME
- Personal name:
Warlow, T. A.
- Fuller form of name:
(Tom A.)
400 10 - SEE FROM TRACING--PERSONAL NAME
- Personal name:
Warlow, Tom A.
670 ## - SOURCE DATA FOUND
- Source citation:
Firearms, the law and forensic ballistics, c1996:
- Information found:
t.p. (T.A. Warlow)
670 ## - SOURCE DATA FOUND
- Source citation:
OCLC, Fe. 21, 1997
- Information found:
(hdg.: Warlow, T. A. (Tom A.); usage: T.A. Warlow)